000
00325nam a2200133Ia 4500
008
150201s2004 xx 000 0 und d
082
_a
610.01
_b
M04W
100
_a
WHO
245
_a
MEDICAL RECORDS MANUAL
250
_a
1ST
260
_b
AITBS
_a
DELHI
_c
2004
650
_a
OTHER CLINICAL & NON CLINICAL BOOKS
942
_2
ddc
_c
BK
999
_c
1147
_d
1147